Normal view
MARC view
- ادارة عامة
Entry Topical Term
001 - CONTROL NUMBER
- control field: 15589
003 - CONTROL NUMBER IDENTIFIER
- control field: JO-AjAnu
005 - DATE AND TIME OF LATEST TRANSACTION
- control field: 20230606072804.0
008 - FIXED-LENGTH DATA ELEMENTS
- fixed length control field: 230606|| aca||aabn | a|a d
040 ## - CATALOGING SOURCE
- Original cataloging agency: JO-AjAnu
- Transcribing agency: JO-AjAnu
150 ## - HEADING--TOPICAL TERM
- Topical term or geographic name entry element: ادارة عامة
670 ## - SOURCE DATA FOUND
- Source citation: Work cat.: (JO-AjAnu)8005: إيراشاركانسى / الهوارى ، محمود عادل مختار ، مترجم , author 15588, الادارة العامة